Die höchsten Berge Deutschlands - Statistiken

Allgemein
  • Dieses Quiz wurde 44 mal gespielt
  • Das Durchschnittsergebnis liegt bei 6 aus 50
Antwortstatistiken
Höhe Antwort Gebirge % Korrekt
2962m Zugspitze Wettersteingebirge
100%
2713m Watzmann (Mittelspitze) Berchtesgadener Alpen
56%
2712m Watzmann (Südspitze) Berchtesgadener Alpen
56%
2628m Alpspitze Wettersteingebirge
28%
2744m Hochwanner Wettersteingebirge
26%
2607m Hochkalter Berchtesgadener Alpen
23%
2592m Hochvogel Allgäuer Alpen
21%
2645m Mädelegabel Allgäuer Alpen
21%
2649m Hochfrottspitze Allgäuer Alpen
18%
2750m Mittlere Wetterspitze Wettersteingebirge
15%
2874m Schneefernerkopf Wettersteingebirge
15%
2720m Äußere Höllentalspitze Wettersteingebirge
13%
2599m Biberkopf Allgäuer Alpen
13%
2707m Hochblassen Wettersteingebirge
13%
2682m Leutascher Dreitorspitze Wettersteingebirge
13%
2633m Partenkirchner Dreitorspitze Wettersteingebirge
13%
2595m Trettachspitze Allgäuer Alpen
13%
2593m Großer Hundstod Berchtesgadener Alpen
10%
2670m Hinterreintalschrofen Wettersteingebirge
10%
2522m Hoher Göll Berchtesgadener Alpen
10%
2741m Innere Höllentalspitze Wettersteingebirge
10%
2538m Östliche Karwendelspitze Karwendel
10%
2680m Östliche Plattspitze Wettersteingebirge
10%
2698m Wetterwandeck Wettersteingebirge
10%
2609m Bockkarkopf Allgäuer Alpen
8%
2521m Hocheisspitze Berchtesgadener Alpen
8%
2483m Hochkarspitze Karwendel
8%
2553m Schüsselkarspitze Wettersteingebirge
8%
2618m Vollkarspitze Wettersteingebirge
8%
2578m Funtenseetauern Berchtesgadener Alpen
5%
2626m Große Riffelwandspitze Wettersteingebirge
5%
2543m Kleine Riffelwandspitze Wettersteingebirge
5%
2743m Mittlere Höllentalspitze Wettersteingebirge
5%
2476m Musterstein Wettersteingebirge
5%
2523m Oberreintalschrofen Wettersteingebirge
5%
2463m Scharnitzspitze Wettersteingebirge
5%
2476m Wörner Karwendel
5%
2532m Großer Hundsstallkopf Wettersteingebirge
3%
2476m Hintere Schlichtenkarspitze Karwendel
3%
2548m Kleiner Wanner Wettersteingebirge
3%
2551m Krottenspitze Allgäuer Alpen
3%
2576m Öfnerspitze Allgäuer Alpen
3%
2475m Östlicher Gatterlkopf Wettersteingebirge
3%
2522m Vogelkarspitze Karwendel
3%
2483m Westlicher Gatterlkopf Wettersteingebirge
3%
2515m Großer Kirchturm Wettersteingebirge
0%
2477m Krummer Turm Allgäuer Alpen
0%
2469m Rappenseekopf Allgäuer Alpen
0%
2485m Rotgundspitze Allgäuer Alpen
0%
2482m Wettersteinkopf Wettersteingebirge
0%
Keine übereinstimmenden Quizze gefunden
Verteilung der Resultate
Anzahl Personen mit jedem Resultat
Perzentil nach korrekt beantworteten Fragen
Ihre Resultats-Entwicklung
Sie haben dieses Quiz noch nicht gespielt